000 00356pab a2200157 454500
008 180718b2008 xxu||||| |||| 00| 0 eng d
100 _aBanerjee, Sumanta
245 _aGoodbye socialism
260 _c2008
300 _ap.13-15.
362 _a26 Jan
650 _aSocialism
773 _aEconomic and Political Weekly
908 _aN
909 _a77316
999 _c77316
_d77316